Δομικά Υλικά / 2η Έκδοση 234 Εικόνες και 152 Πίνακες (Record no. 1688)
[ view plain ]
| 000 -LEADER | |
|---|---|
| fixed length control field | 01908cam a22002054a 4500 |
| 005 - ΗΜΕΡΟΜΗΝΙΑ ΚΑΙ ΩΡΑ ΤΕΛΕΥΤΑΙΑΣ ΕΝΗΜΕΡΩΣΗΣ | |
| Πεδίο ελέγχου | 20250605164016.0 |
| 008 - FIXED-LENGTH DATA ELEMENTS--GENERAL INFORMATION | |
| Πεδίο ελέγχου σταθερού μήκους | 250528s ||||||||||||||||||||||||d |
| 035 ## - SYSTEM CONTROL NUMBER | |
| System control number | 16152 |
| 040 ## - ΠΗΓΗ ΚΑΤΑΛΟΓΟΓΡΑΦΗΣΗΣ | |
| Φορέας πρωτότυπης καταλογογράφησης | MC Athens Campus Library |
| Γλώσσα καταλογογράφησης | Ελληνικά, Μοντέρνα (1453-) |
| Modifying agency | MC Athens Campus Library |
| Κανόνες περιγραφικής καταλογογράφησης | AACR2 |
| 245 1# - ΤΙΤΛΟΣ ΚΑΙ ΔΗΛΩΣΗ ΥΠΕΥΘΥΝΟΤΗΤΑΣ | |
| Τίτλος | Δομικά Υλικά / 2η Έκδοση 234 Εικόνες και 152 Πίνακες |
| 250 ## - EDITION STATEMENT | |
| Edition statement | 2η |
| 260 ## - PUBLICATION, DISTRIBUTION, ETC. | |
| Name of publisher, distributor, etc. | Γκιούρδας, |
| Date of publication, distribution, etc. | 2003 |
| 300 ## - PHYSICAL DESCRIPTION | |
| Extent | 736 |
| 505 0# - FORMATTED CONTENTS NOTE | |
| Formatted contents note | Βασικές Αρχές Χημείας και Φυσικής, Το Ξύλο και Κατασκευές από Ξύλα, Φυσικοί Δομικοί Λίθοι, Τεχνητοί Δομικοί Λίθοι και Πλάκες, Κονιάματα και Επιχρίσματα, Το Σκυρόδεμα, Ηχοπροστασία, Προστασία από τη θερμότητα και το ψύχος, Υλικά Στεγανώσεως και Πληρώσεις Αρμών και Συγκολλήσεως, Δομικά Υλικά από Σίδηρο ή Χάλυβα, Μέταλλα πλην Σιδήρου, Χρώματα και Βερνίκια, Πλαστικά Υλικά, Ύαλος. |
| 520 ## - SUMMARY, ETC. | |
| Summary, etc. | Βασικές Αρχές Χημείας και Φυσικής, Το Ξύλο και Κατασκευές από Ξύλα, Φυσικοί Δομικοί Λίθοι, Τεχνητοί Δομικοί Λίθοι και Πλάκες, Κονιάματα και Επιχρίσματα, Το Σκυρόδεμα, Ηχοπροστασία, Προστασία από τη θερμότητα και το ψύχος, Υλικά Στεγανώσεως και Πληρώσεις Αρμών και Συγκολλήσεως, Δομικά Υλικά από Σίδηρο ή Χάλυβα, Μέταλλα πλην Σιδήρου, Χρώματα και Βερνίκια, Πλαστικά Υλικά, Ύαλος. |
| 700 1# - ΠΡΟΣΘΕΤΗ ΑΝΑΓΡΑΦΗ--ΦΥΣΙΚΟ ΠΡΟΣΩΠΟ | |
| Personal name | Wenderhorst Reinhard |
| 9 (RLIN) | 2197 |
| 942 ## - ADDED ENTRY ELEMENTS (KOHA) | |
| Koha item type | Books |
| Τύπος τεκμηρίου | Βιβλιοθήκη | Τρέχουσα τοποθεσία | Barcode | Αριθμός εισαγωγής | Ημερομηνία απόκτησης | Ταξιθετικό σύμβολο | Αριθμός αντιτύπου | Κατάσταση απόσυρσης | Κατάσταση χαμένου | Κατάσταση κατεστραμμένου | Μη δανεισμός | Σύνολο δανεισμών | Ημερομηνία τελευταίας εμφάνισης | Η τιμή ισχύει από |
|---|---|---|---|---|---|---|---|---|---|---|---|---|---|---|
| Books | MC Athens Campus Library | MC Athens Campus Library | 9780000016874 | 2791 | 05/06/2025 | 691 WEN | 1 | 05/06/2025 | 05/06/2025 |